| 000 | 00877cam a2200217 4500 | ||
|---|---|---|---|
| 001 | WB4024-19 | ||
| 008 | 040621n2004 000 0 eng u | ||
| 035 | _a(Sirsi) u126531 | ||
| 245 | _aProperty in Business campaign | ||
| 260 | _c2004 | ||
| 490 |
_aRICS News Service _v 18 June 2004 (1) |
||
| 520 | _aRICS is about to increase its Property in Business campaign. The aim of this is to raise awareness of how chartered surveyors can help small and medium sized enterprises maximise the value of their property. It will also put potential clients in touch with RICS firms. More information is available fromhttp://www.propertyinbusiness.co.uk/. | ||
| 590 | _aWB | ||
| 590 | _aWB | ||
| 650 | _aSMES | ||
| 650 | _aCHARTERED SURVEYING SERVICES | ||
| 650 | _aBUSINESS PREMISES | ||
| 650 | _aPROPERTY-COMMERCIAL PROPERTY | ||
| 690 | _aSURVEYING SERVICES | ||
| 942 | _n0 | ||
| 999 |
_c117551 _d117551 |
||